Law of Marriage & Divorce (Record no. 1312116)

MARC details
000 -LEADER
fixed length control field 00548nam a2200229Ia 4500
005 - DATE AND TIME OF LATEST TRANSACTION
control field 20250506172821.0
008 - FIXED-LENGTH DATA ELEMENTS--GENERAL INFORMATION
fixed length control field 008 250505s9999 xx 000 0 eng d
020 ## - INTERNATIONAL STANDARD BOOK NUMBER
International Standard Book Number 9789351438359
037 ## - SOURCE OF ACQUISITION
Stock number TB
040 ## - CATALOGING SOURCE
Original cataloging agency ILCL
Language of cataloging eng
Transcribing agency ILCL
041 ## - LANGUAGE CODE
Language code of text/sound track or separate title eng
Source of code eng
082 ## - DEWEY DECIMAL CLASSIFICATION NUMBER
Assigning agency ILCL
084 ## - COLON CLASSIFICATION NUMBER
Classification number Z2,1227 Q6
100 ## - MAIN ENTRY--PERSONAL NAME
Personal name Diwan, Paras
245 #0 - TITLE STATEMENT
Title Law of Marriage & Divorce
250 ## - EDITION STATEMENT
Edition statement 7
260 ## - PUBLICATION, DISTRIBUTION, ETC.
Place of publication, distribution, etc. Haryana
Name of publisher, distributor, etc. Lexis Nexis
Date of publication, distribution, etc. 2011
300 ## - PHYSICAL DESCRIPTION
Extent cxi,1294p.
365 ## - TRADE PRICE
Price type code INR
942 ## - ADDED ENTRY ELEMENTS (KOHA)
Koha item type Textbook
Source of classification or shelving scheme
Holdings
Withdrawn status Lost status Damaged status Not for loan Home library Current library Date acquired Source of acquisition Cost, normal purchase price Inventory number Total Checkouts Full call number Barcode Date last seen Date last checked out Price effective from Koha item type
        Integrated Law Course library Integrated Law Course library 7-03-24 Apple Books 3295.00 008 dt.03-07-2024 1 Z2,1227 Q6 IL1863276 2026-01-12 2025-09-11 2025-05-06 Textbook
Copyright @ Delhi University Library System